000 00304nam a22001337a 4500
008 171031b xxu||||| |||| 00| 0 eng d
020 _a0673184684
041 _aeng
080 _a33
100 _a58
101 _aBUS
245 _aWE'VE GOT TO START MEETING LIKE THIS!
_cMOSVICK,R.K
942 _2udc
_cBK
999 _c36733
_d36733